[Event "PREFERENTE Gandia 2011"]
[Site "Gandia"]
[Date "2011.11.26"]
[Round "7"]
[White "Bas Mas, Jose Joaquin"]
[Black "Canamas Soler, Jose Vicente"]
[Result "1-0"]
[WhiteElo "2226"]
[BlackElo "1993"]
[PlyCount "123"]
[EventDate "2011.10.01"]
[EventRounds "7"]
[EventCountry "ESP"]

1. e4 c5 2. Nf3 Nc6 3. d4 cxd4 4. Nxd4 Nf6 5. Nc3 e5 6. Ndb5 d6 7. Bg5 a6 8.
Na3 b5 9. Nd5 Be7 10. Bxf6 Bxf6 11. c3 Bg5 12. Nc2 O-O 13. a4 Rb8 14. axb5 axb5
15. Be2 Be6 16. O-O Ne7 17. Ncb4 Nxd5 18. Nxd5 Bxd5 19. Qxd5 Qb6 20. Rfd1 Be7
21. b4 Rfc8 22. Ra5 Qc6 23. Rxb5 Rxb5 24. Qxc6 Rxc6 25. Bxb5 Rxc3 26. Bf1 Rb3
27. b5 Kf8 28. Ra1 Ke8 29. g3 Bd8 30. Ra6 Bc7 31. Kg2 Rb2 32. Bc4 Kd8 33. Ra8+
Kd7 34. Ra6 Kd8 35. h4 Rb4 36. Rc6 Rb2 37. Kf3 Kd7 38. Ra6 Kc8 39. Ra8+ Bb8 40.
Kg4 Rb4 41. Bxf7 Rxb5 42. Bg8 h6 43. h5 Rb2 44. f3 Kd8 45. Kf5 Ke7 46. Kg6 Kf8
47. Bf7 Rb6 48. Be6 Ke7 49. Bd5 Kf8 50. f4 exf4 51. gxf4 Rb2 52. f5 Rg2+ 53.
Kh7 Rb2 54. Ra3 Rg2 55. Rb3 Ba7 56. Rb7 Bd4 57. e5 Rb2 58. Rf7+ Ke8 59. exd6
Rb6 60. d7+ Kd8 61. Be6 Bf6 62. Rf8+ 1-0

[Event "PREFERENTE Gandia 2011"]
[Site "Gandia"]
[Date "2011.11.26"]
[Round "7"]
[White "Frances Saez, Juan Vicente"]
[Black "Company Sancho, Miguel"]
[Result "1-0"]
[WhiteElo "2070"]
[BlackElo "1935"]
[PlyCount "139"]
[EventDate "2011.10.01"]
[EventRounds "7"]
[EventCountry "ESP"]

1. e4 e5 2. Nf3 Nc6 3. Bb5 a6 4. Ba4 Nf6 5. O-O Be7 6. Re1 b5 7. Bb3 d6 8. c3
Na5 9. Bc2 c5 10. d4 Qc7 11. Nbd2 O-O 12. h3 Bd7 13. Nf1 Rfe8 14. Bg5 h6 15.
Be3 Bf8 16. d5 Nc4 17. Bc1 Nb6 18. Ne3 g6 19. g4 Nh7 20. Kh2 Qd8 21. Rg1 Ng5
22. b3 Qf6 23. Rg3 Rac8 24. Kg2 Be7 25. Nf5 Bxf5 26. gxf5 Nxf3 27. Qxf3 Kh7 28.
fxg6+ fxg6 29. Qg4 Rf8 30. Be3 h5 31. Qe2 Qf7 32. Kh2 Bh4 33. Rg2 Qf3 34. Qxf3
Rxf3 35. Bd1 Rf7 36. Be2 Rcf8 37. f3 Nd7 38. a4 bxa4 39. Rxa4 Nb8 40. Bd2 Ra7
41. Rg1 Rff7 42. Kg2 Rfb7 43. b4 cxb4 44. cxb4 Rc7 45. Bd3 Bd8 46. Rga1 a5 47.
Rxa5 Rxa5 48. Rxa5 Rb7 49. Ra8 Bb6 50. Ra2 Kg7 51. Rc2 Rc7 52. Rxc7+ Bxc7 53.
Bb5 Kf7 54. Bg5 Bb6 55. Kf1 Bd4 56. Bd8 Bc3 57. Bc7 Bxb4 58. Bxb8 Ke7 59. Bc7
Bc5 60. Kg2 Be3 61. Kg3 Bd2 62. Bb6 Be1+ 63. Bf2 Bd2 64. Kg2 Bb4 65. Bh4+ Kf7
66. Bg5 Bc5 67. f4 exf4 68. Bxf4 Kf6 69. h4 Bb4 70. Be8 1-0

[Event "PREFERENTE Gandia 2011"]
[Site "Gandia"]
[Date "2011.11.26"]
[Round "7"]
[White "Castillo Pla, Emilio"]
[Black "Moscardo Vaya, Salvador"]
[Result "0-1"]
[WhiteElo "1948"]
[BlackElo "1913"]
[PlyCount "88"]
[EventDate "2011.10.01"]
[EventRounds "7"]
[EventCountry "ESP"]

1. e4 e5 2. Nc3 Nf6 3. g3 Bc5 4. Bg2 d6 5. Nge2 Nc6 6. O-O Bg4 7. h3 Bh5 8. Kh2
Nd4 9. f3 Ne6 10. d3 h6 11. a3 a6 12. b4 Ba7 13. Nd5 g5 14. c3 c6 15. Ne3 Bg6
16. d4 exd4 17. cxd4 d5 18. e5 Nd7 19. Bb2 Nxe5 20. f4 gxf4 21. Nxf4 Nxf4 22.
gxf4 Nc4 23. Nxc4 dxc4 24. Qe2+ Kf8 25. Qxc4 Rg8 26. Rad1 Rc8 27. Qe2 Qe8 28.
Qd2 Be4 29. Bxe4 Qxe4 30. Rde1 Qg6 31. Rg1 Qe6 32. Rxg8+ Kxg8 33. Re5 Bb8 34.
Bc1 Qf6 35. Re2 Rd8 36. Rg2+ Kf8 37. Qf2 Rxd4 38. Rg4 h5 39. Rh4 Rd5 40. Bb2
Qd8 41. Bc3 f6 42. Qf3 Qe8 43. Bxf6 Rd2+ 44. Kg3 Qe1+ 0-1

[Event "PREFERENTE Gandia 2011"]
[Site "Gandia"]
[Date "2011.11.26"]
[Round "7"]
[White "Miquel Badenes, Indalecio"]
[Black "Maronda Escriva, Ivan"]
[Result "1-0"]
[WhiteElo "1905"]
[BlackElo "1845"]
[PlyCount "83"]
[EventDate "2011.10.01"]
[EventRounds "7"]
[EventCountry "ESP"]

1. d4 c6 2. c4 d5 3. Nf3 Nf6 4. Nc3 e6 5. e3 Nbd7 6. Qc2 dxc4 7. Bxc4 b5 8. Bd3
a6 9. Ne4 Bb7 10. O-O c5 11. Nxc5 Nxc5 12. dxc5 Bxf3 13. gxf3 Qd5 14. b4 Qxf3
15. Be2 Qh3 16. f3 h5 17. a4 Rc8 18. axb5 Ng4 19. fxg4 hxg4 20. Bc4 g3 21. Qg2
Qg4 22. Qb7 e5 23. Qxf7+ Kd8 24. Qd5+ Qd7 25. Qxd7+ Kxd7 26. Rf7+ Ke8 27. hxg3
axb5 28. Be6 Rd8 29. Bb2 Rh6 30. Raf1 Rf6 31. R7xf6 gxf6 32. Rxf6 Ke7 33. Bxe5
Bg7 34. Rf7+ Kxe6 35. Rxg7 Kxe5 36. Rb7 Kd5 37. Rxb5 Rf8 38. Rb6 Rf3 39. Rd6+
Kc4 40. Rd4+ Kb5 41. Kg2 Rxe3 42. g4 1-0

[Event "PREFERENTE Gandia 2011"]
[Site "Gandia"]
[Date "2011.11.26"]
[Round "7"]
[White "Cortell Canet, Miguel"]
[Black "Sala Espi, Antonio"]
[Result "1/2-1/2"]
[WhiteElo "1809"]
[BlackElo "1699"]
[PlyCount "74"]
[EventDate "2011.10.01"]
[EventRounds "7"]
[EventCountry "ESP"]

1. d4 Nf6 2. Nf3 g6 3. c4 Bg7 4. Nc3 O-O 5. e4 d6 6. Be2 Na6 7. O-O e5 8. d5
Nc5 9. Nd2 Bh6 10. Qc2 a5 11. Nb3 Bxc1 12. Raxc1 Ne8 13. Nxc5 dxc5 14. f4 exf4
15. Rxf4 Qg5 16. Rcf1 Nd6 17. Bd3 Qe5 18. Qf2 b6 19. Nb5 Nxb5 20. cxb5 Bd7 21.
Rxf7 Rxf7 22. Qxf7+ Kh8 23. Qf6+ Qxf6 24. Rxf6 Kg7 25. Rf4 Re8 26. Kf2 g5 27.
Rf3 Re5 28. Ke3 Be8 29. a3 Bf7 30. Kd2 Bg6 31. Re3 Kf6 32. Kc3 Re7 33. b4 cxb4+
34. axb4 axb4+ 35. Kxb4 Ke5 36. Kc4 Rf7 37. Rf3 Rf4 1/2-1/2

[Event "PREFERENTE Gandia 2011"]
[Site "Gandia"]
[Date "2011.11.26"]
[Round "7"]
[White "Miquel Badenes, Jose"]
[Black "Alba Zaragoza, Vicente"]
[Result "1/2-1/2"]
[WhiteElo "1808"]
[BlackElo "1857"]
[PlyCount "33"]
[EventDate "2011.10.01"]
[EventRounds "7"]
[EventCountry "ESP"]

1. d4 d5 2. Nf3 c6 3. Bf4 Nf6 4. c3 Bg4 5. e3 Nbd7 6. Bd3 Bxf3 7. Qxf3 e6 8.
Nd2 Be7 9. O-O O-O 10. e4 dxe4 11. Nxe4 Nxe4 12. Bxe4 Nf6 13. Bc2 Re8 14. Rfe1
a5 15. Rad1 a4 16. a3 Qb6 17. Bc1 1/2-1/2

[Event "PREFERENTE Gandia 2011"]
[Site "Gandia"]
[Date "2011.11.26"]
[Round "7"]
[White "Fenollar Baenas, Nahim"]
[Black "Morant Gomar, Sergio"]
[Result "0-1"]
[WhiteElo "1651"]
[BlackElo "1821"]
[PlyCount "82"]
[EventDate "2011.10.01"]
[EventRounds "7"]
[EventCountry "ESP"]

1. d4 Nf6 2. Nf3 b6 3. Bf4 e6 4. c4 Bb7 5. e3 Nh5 6. Nc3 Nxf4 7. exf4 d5 8. Be2
Be7 9. cxd5 exd5 10. Qa4+ c6 11. O-O O-O 12. b4 Qd6 13. a3 Qxf4 14. Bd3 Bf6 15.
Ne2 Qd6 16. Qc2 g6 17. Ng3 Nd7 18. h4 Rfe8 19. h5 Nf8 20. Rae1 Qd7 21. Ne5 Bxe5
22. dxe5 a5 23. h6 axb4 24. axb4 Qg4 25. Qb2 Ne6 26. Be2 Qf4 27. Bf3 Qxh6 28.
Ne2 Ba6 29. Rc1 Bc4 30. Rxc4 dxc4 31. Bxc6 Rac8 32. Bxe8 Rxe8 33. b5 Qg5 34. f4
Qd8 35. Nc3 Qd4+ 36. Kh1 Nxf4 37. Rxf4 Qxf4 38. Nd5 Qh4+ 39. Kg1 Qe1+ 40. Kh2
Qxe5+ 41. Qxe5 Rxe5 0-1

[Event "PREFERENTE Gandia 2011"]
[Site "Gandia"]
[Date "2011.11.26"]
[Round "7"]
[White "Arlandis Clari, Enrique"]
[Black "Soler Nadal, Jose Antonio"]
[Result "0-1"]
[WhiteElo "1970"]
[BlackElo "1779"]
[PlyCount "65"]
[EventDate "2011.10.01"]
[EventRounds "7"]
[EventCountry "ESP"]

1. e4 c6 2. d4 d5 3. exd5 cxd5 4. Bd3 Nf6 5. Nf3 e6 6. O-O Be7 7. Bf4 O-O 8.
Nc3 a6 9. Re1 Nc6 10. Ne2 Nb4 11. Ng3 Nxd3 12. Qxd3 b5 13. Ne5 Bb7 14. Bd2 b4
15. f4 Ne4 16. c4 Nxd2 17. Qxd2 dxc4 18. Nxc4 Rc8 19. Rac1 a5 20. f5 Bg5 21.
Ne3 Rxc1 22. Rxc1 e5 23. d5 Bxe3+ 24. Qxe3 Qxd5 25. Qe2 f6 26. b3 Rd8 27. Nh5
Qd2 28. Qxd2 Rxd2 29. g3 Rg2+ 30. Kf1 Rxh2 31. Rc7 Rxh5 32. Rxb7 Rxf5+ 33. Ke2
0-1

[Event "Campeonato Provincial Individual PREFERE"]
[Site "Pabellon Deporte Miguel Buigue"]
[Date "2011.10.22"]
[Round "2"]
[White "Vallalta Martinez, Luis"]
[Black "Cervera Tur, Enrique"]
[Result "1/2-1/2"]
[WhiteElo "1999"]
[BlackElo "1731"]
[PlyCount "61"]
[EventDate "2011.10.01"]
[EventRounds "7"]
[EventCountry "ESP"]

1. Nf3 e6 2. g3 b6 3. d3 d5 4. Bg2 Bd6 5. Nbd2 Nf6 6. O-O O-O 7. e4 dxe4 8.
dxe4 e5 9. c3 Ba6 10. Re1 Nbd7 11. b4 c5 12. a3 Qc7 13. c4 cxb4 14. axb4 Bb7
15. Qb3 Rfc8 16. Ng5 Nf8 17. Ba3 h6 18. Ngf3 Ne6 19. Bh3 Qe7 20. Rac1 Rc6 21.
Qe3 Bxb4 22. Bxb4 Qxb4 23. Nxe5 Rd6 24. Nd3 Rxd3 25. Qxd3 Rd8 26. Qb3 Qxd2 27.
Bxe6 Nxe4 28. Bd5 Rxd5 29. cxd5 Qxf2+ 30. Kh1 Bxd5 31. Qxd5 1/2-1/2

[Event "Campeonato Provincial Individual PREFERE"]
[Site "Pabellon Deporte Miguel Buigue"]
[Date "2011.10.22"]
[Round "2"]
[White "Garcia Sacristan, Ramon"]
[Black "Gonzalez Rodriguez, Manuel"]
[Result "0-1"]
[WhiteElo "1651"]
[BlackElo "1961"]
[PlyCount "68"]
[EventDate "2011.10.01"]
[EventRounds "7"]
[EventCountry "ESP"]

1. d4 Nf6 2. Nf3 g6 3. Bf4 c5 4. c3 Bg7 5. e3 O-O 6. Be2 b6 7. h3 Bb7 8. O-O d6
9. a4 a6 10. b4 cxb4 11. cxb4 Nd5 12. Qd2 Nxf4 13. exf4 e6 14. Nc3 Qf6 15. Rac1
Bh6 16. Ng5 Re8 17. Nce4 Qe7 18. Qe3 Bg7 19. Rc2 Nc6 20. d5 exd5 21. Nc3 Qxe3
22. fxe3 Nxb4 23. Rd2 Bxc3 24. Rdd1 Rxe3 25. Rf2 Rc8 26. Rdf1 d4 27. Nf3 Bxf3
28. gxf3 a5 29. Bb5 Rce8 30. Kg2 Nd5 31. Kg3 Nf6 32. h4 Ne4+ 33. Kg2 Nxf2 34.
Kxf2 Re1 0-1

[Event "Campeonato Provincial Individual PREFERE"]
[Site "Pabellon Deporte Miguel Buigue"]
[Date "2011.10.22"]
[Round "2"]
[White "Pont Font, Daniel"]
[Black "Pastor Marti, Jaume"]
[Result "1-0"]
[WhiteElo "1903"]
[BlackElo "1693"]
[PlyCount "63"]
[EventDate "2011.10.01"]
[EventRounds "7"]
[EventCountry "ESP"]

1. d4 Nf6 2. Nf3 g6 3. c4 Bg7 4. Nc3 d6 5. e4 Nbd7 6. Be2 O-O 7. h3 h6 8. Be3
e5 9. Qd2 Kh7 10. O-O-O Qe7 11. g4 Ng8 12. h4 exd4 13. Nxd4 Ne5 14. f3 Be6 15.
b3 a6 16. h5 g5 17. Nd5 Qd8 18. Nf5 Bxf5 19. exf5 f6 20. f4 Nf7 21. Bd3 Re8 22.
Rhe1 Qd7 23. Bd4 b5 24. Re6 Rf8 25. Bxf6 Bxf6 26. Rxf6 bxc4 27. Bxc4 c6 28. Nb6
Qa7 29. Rxf7+ Rxf7 30. Bxf7 Qxb6 31. fxg5 Qc5+ 32. Kb1 1-0

[Event "Campeonato Provincial Individual PREFERE"]
[Site "Pabellon Deporte Miguel Buigue"]
[Date "2011.10.29"]
[Round "3"]
[White "Gonzalez Rodriguez, Manuel"]
[Black "Torregrosa Llul, Fernando"]
[Result "0-1"]
[WhiteElo "1961"]
[BlackElo "1818"]
[PlyCount "90"]
[EventDate "2011.10.01"]
[EventRounds "7"]
[EventCountry "ESP"]

1. d4 d5 2. c4 c6 3. Nc3 e6 4. e4 dxe4 5. Nxe4 Bb4+ 6. Bd2 Qxd4 7. Bxb4 Qxe4+
8. Be2 Na6 9. Bd6 Ne7 10. Qd2 Nf5 11. O-O-O Nxd6 12. Qxd6 Qh4 13. Bf3 Nb8 14.
Ne2 Qe7 15. Nc3 Qxd6 16. Rxd6 Ke7 17. Rhd1 Nd7 18. b3 Nf6 19. R6d2 Bd7 20. g4
h6 21. h4 Rad8 22. g5 hxg5 23. hxg5 Nh7 24. g6 Ng5 25. Bg2 fxg6 26. f4 Nf7 27.
Be4 Bc8 28. Bxg6 Rxd2 29. Rxd2 Nd6 30. Re2 Rf8 31. c5 Nf5 32. Ne4 Nh4 33. Nd6
Nxg6 34. Rg2 Nxf4 35. Rxg7+ Kf6 36. Rc7 Nd3+ 37. Kc2 Nxc5 38. Nxc8 Rf7 39.
Rxf7+ Kxf7 40. b4 Ne4 41. Nxa7 Nd6 42. a4 Kf6 43. b5 cxb5 44. axb5 Ke5 45. Kc3
Kd5 0-1

[Event "Campeonato Provincial Individual PREFERE"]
[Site "Pabellon Deporte Miguel Buigue"]
[Date "2011.10.29"]
[Round "3"]
[White "Aguado Crespo, Antonio"]
[Black "Pont Font, Daniel"]
[Result "0-1"]
[WhiteElo "1750"]
[BlackElo "1903"]
[PlyCount "140"]
[EventDate "2011.10.01"]
[EventRounds "7"]
[EventCountry "ESP"]

1. e4 Nf6 2. e5 Nd5 3. d4 d6 4. c4 Nb6 5. f4 dxe5 6. fxe5 Nc6 7. Be3 Bf5 8. Nc3
e6 9. Be2 Be7 10. Nf3 O-O 11. O-O f6 12. exf6 Bxf6 13. Qd2 Qe7 14. Rad1 Rad8
15. h3 Rd7 16. Qe1 Rfd8 17. Qf2 Qb4 18. g4 Bg6 19. g5 Be7 20. Bc1 Nxd4 21. Nxd4
Rxd4 22. Rxd4 Rxd4 23. Bg4 Rxg4+ 24. hxg4 Qxc4 25. Qf3 Bc5+ 26. Kh2 Nd7 27. Rd1
Bd6+ 28. Kh1 Ne5 29. Qxb7 Qxg4 30. Qg2 Qh5+ 31. Kg1 Bc5+ 32. Kf1 Bd3+ 33. Rxd3
Nxd3 34. Bd2 Bb6 35. Qe4 Qh3+ 36. Ke2 Nc5 37. Qc6 Qg4+ 38. Kf1 Qc4+ 39. Kg2
Qg4+ 40. Kf1 Qh3+ 41. Ke2 Qh5+ 42. Kf1 Kf7 43. a3 Qh3+ 44. Ke2 Qd3+ 45. Ke1 Qd6
46. Qf3+ Ke7 47. Ne2 Nd3+ 48. Kf1 Ne5 49. Qc3 Qd5 50. Nf4 Qc5 51. Ne2 Qd5 52.
Nf4 Qf3+ 53. Qxf3 Nxf3 54. Bc3 Bd4 55. Ne2 Bxc3 56. Nxc3 a6 57. Ne4 e5 58. Ke2
Nd4+ 59. Ke3 h5 60. Ng3 g6 61. Ke4 Ke6 62. Nf1 Nf5 63. a4 h4 64. b4 Ng3+ 65.
Nxg3 hxg3 66. Kf3 g2 67. Kxg2 Kd5 68. Kf3 e4+ 69. Ke3 c6 70. a5 Ke5 0-1

[Event "Campeonato Provincial Individual PREFERE"]
[Site "Pabellon Deporte Miguel Buigue"]
[Date "2011.10.29"]
[Round "3"]
[White "Cervera Tur, Enrique"]
[Black "Terrades Dalmau, Antonio"]
[Result "1-0"]
[WhiteElo "1731"]
[BlackElo "1843"]
[PlyCount "105"]
[EventDate "2011.10.01"]
[EventRounds "7"]
[EventCountry "ESP"]

1. e4 c5 2. Nf3 d6 3. d4 cxd4 4. Nxd4 Nf6 5. Nc3 g6 6. f3 Bg7 7. Be3 O-O 8. Qd2
Nc6 9. Bc4 Bd7 10. O-O-O Qa5 11. Nb3 Qd8 12. h4 Ne5 13. Be2 Rc8 14. Bh6 Nc4 15.
Bxc4 Rxc4 16. Bxg7 Kxg7 17. g4 h5 18. gxh5 Nxh5 19. Rdg1 b5 20. Qg5 Rh8 21.
Nxb5 Bxb5 22. Qxb5 Qc7 23. c3 Nf4 24. Kb1 Rh5 25. Rg5 Rxg5 26. Qxg5 Nh5 27. Rg1
Kh7 28. Nd4 e6 29. Nxe6 Qb6 30. Nf8+ Kg7 31. Nxg6 fxg6 32. Qxg6+ Kf8 33. Qg8+
Ke7 34. Qh7+ Ke6 35. Rg6+ Nf6 36. Qg7 Qd8 37. h5 Rc7 38. Rxf6+ Qxf6 39. Qxc7
Qxf3 40. Qc8+ Ke7 41. Qc7+ Ke6 42. Qc4+ Ke7 43. Qd4 Qf1+ 44. Kc2 Qf2+ 45. Qd2
Qh4 46. Qe2 Qg5 47. Qf3 Qh4 48. Qf5 Qh2+ 49. Kb3 Qh1 50. Qh7+ Ke6 51. Qg6+ Kd7
52. h6 Qf1 53. h7 1-0

[Event "Campeonato Provincial Individual PREFERE"]
[Site "Pabellon Deporte Miguel Buigue"]
[Date "2011.10.29"]
[Round "3"]
[White "Perez De Tudela Perales, Fernan"]
[Black "Cabrera Guerrero, Antonio"]
[Result "0-1"]
[WhiteElo "1369"]
[BlackElo "1867"]
[PlyCount "44"]
[EventDate "2011.10.01"]
[EventRounds "7"]
[EventCountry "ESP"]

1. e4 e5 2. d4 exd4 3. Qxd4 Nc6 4. Qd1 d6 5. Nc3 g6 6. b3 Bg7 7. Bb2 Nf6 8. Rb1
O-O 9. Nf3 Re8 10. Bd3 d5 11. e5 Nxe5 12. O-O Bg4 13. Be2 Bxf3 14. Bxf3 Nxf3+
15. Qxf3 c6 16. Ba1 Qc7 17. Ne2 Re6 18. Nf4 Re4 19. Ne2 Ng4 20. g3 Bxa1 21.
Rxa1 Rae8 22. Rfe1 Qe5 0-1

[Event "Campeonato Provincial Individual PREFERE"]
[Site "Pabellon Deporte Miguel Buigue"]
[Date "2011.11.05"]
[Round "4"]
[White "Torregrosa Llul, Fernando"]
[Black "Pont Font, Daniel"]
[Result "1/2-1/2"]
[WhiteElo "1818"]
[BlackElo "1903"]
[PlyCount "73"]
[EventDate "2011.10.01"]
[EventRounds "7"]
[EventCountry "ESP"]

1. d4 c5 2. c3 Nf6 3. dxc5 e5 4. b4 a5 5. Bd2 b6 6. cxb6 axb4 7. cxb4 Qxb6 8.
Qb3 Nc6 9. b5 Nd4 10. Qb2 Qxb5 11. Qxb5 Nxb5 12. e3 Na3 13. Nxa3 Bxa3 14. Nf3
Bd6 15. Bc4 Ne4 16. O-O Nxd2 17. Nxd2 O-O 18. Ne4 Be7 19. Bb3 Bb7 20. Nc3 Bc6
21. Nd5 Bd8 22. Rfd1 Ra7 23. Nb4 Ba8 24. Rac1 Ba5 25. Nd5 Rd8 26. Ne7+ Kf8 27.
Nc8 Rc7 28. Nd6 f6 29. Rxc7 Bxc7 30. Nf7 Rc8 31. Rxd7 Bb6 32. h3 Rc1+ 33. Kh2
Rf1 34. Rd6 Rxf2 35. Rxb6 Rxg2+ 36. Kh1 Rg3+ 37. Kh2 1/2-1/2

[Event "Campeonato Provincial Individual PREFERE"]
[Site "Pabellon Deporte Miguel Buigue"]
[Date "2011.11.05"]
[Round "4"]
[White "Vallalta Martinez, Luis"]
[Black "Gonzalez Rodriguez, Manuel"]
[Result "1-0"]
[WhiteElo "1999"]
[BlackElo "1961"]
[PlyCount "113"]
[EventDate "2011.10.01"]
[EventRounds "7"]
[EventCountry "ESP"]

1. c4 c5 2. Nf3 Nc6 3. g3 g6 4. Bg2 Bg7 5. Nc3 Nf6 6. O-O O-O 7. d3 d6 8. a3
Bg4 9. Rb1 a5 10. b3 Rb8 11. Bb2 Qd7 12. Re1 e5 13. e3 Qf5 14. Nb5 Rfd8 15. Nh4
Qd7 16. Qc2 Re8 17. Qc3 Re7 18. Nf3 Ne8 19. Qd2 Qf5 20. Nh4 Qd7 21. Qc2 Nc7 22.
Nc3 b5 23. cxb5 Nxb5 24. Nxb5 Rxb5 25. Qc4 Rb6 26. Bd5 Be6 27. Nf3 Nd8 28. Nd2
Bxd5 29. Qxd5 Qb7 30. Qxb7 Nxb7 31. Nc4 Rxb3 32. d4 cxd4 33. exd4 Rc7 34. Ne3
Nd8 35. dxe5 dxe5 36. Ba1 a4 37. Rxb3 axb3 38. Rb1 Ne6 39. Nd5 Rd7 40. Nb4 Nc5
41. Nc6 f6 42. Bc3 Rd3 43. Be1 Na4 44. Nb4 Rf3 45. Kg2 e4 46. Nc6 Rd3 47. Nb4
Rf3 48. Nd5 Rd3 49. Nf4 Rf3 50. Nd5 f5 51. Ne3 g5 52. Rxb3 h6 53. Rb1 Kh7 54.
Bb4 f4 55. gxf4 gxf4 56. Nf5 Kg6 57. Nh4+ 1-0

[Event "Campeonato Provincial Individual PREFERE"]
[Site "Pabellon Deporte Miguel Buigue"]
[Date "2011.11.05"]
[Round "4"]
[White "Cervera Tur, Enrique"]
[Black "Dingwall, Fraser G"]
[Result "0-1"]
[WhiteElo "1731"]
[BlackElo "1875"]
[PlyCount "60"]
[EventDate "2011.10.01"]
[EventRounds "7"]
[EventCountry "ESP"]

1. e4 c5 2. Nf3 a6 3. d4 cxd4 4. Nxd4 Nf6 5. Nc3 e5 6. Nf3 Bb4 7. Bd2 d6 8. Bd3
O-O 9. O-O Nbd7 10. Nd5 Nxd5 11. exd5 Bxd2 12. Qxd2 Nf6 13. Rfe1 Re8 14. Be4
Nxe4 15. Rxe4 Bf5 16. Rb4 Qc7 17. g4 a5 18. gxf5 axb4 19. f6 Qd8 20. fxg7 Qf6
21. Ng5 Qf4 22. Qe2 Qxg5+ 23. Kh1 Rac8 24. Qb5 Qf4 25. Qxb7 Qxf2 26. Qd7 Red8
27. Qe7 Qf3+ 28. Kg1 Qg4+ 29. Kh1 Re8 30. Qxd6 Qe4+ 0-1

[Event "Campeonato Provincial Individual PREFERE"]
[Site "Pabellon Deporte Miguel Buigue"]
[Date "2011.11.05"]
[Round "4"]
[White "Cabrera Guerrero, Antonio"]
[Black "Pastor Marti, Jaume"]
[Result "0-1"]
[WhiteElo "1867"]
[BlackElo "1693"]
[PlyCount "72"]
[EventDate "2011.10.01"]
[EventRounds "7"]
[EventCountry "ESP"]

1. e4 c5 2. Nf3 d6 3. d4 cxd4 4. Nxd4 Nf6 5. Nc3 a6 6. Be3 Nc6 7. Be2 e6 8. Qd2
Qc7 9. O-O-O b5 10. Bf3 Ne5 11. Bg5 Be7 12. Nde2 Nfd7 13. Bxe7 Kxe7 14. Qg5+
Nf6 15. Qxg7 Bb7 16. Qg5 b4 17. Nb1 Rac8 18. c3 Qa5 19. Qd2 Rhd8 20. a3 Bxe4
21. axb4 Qa1 22. Bxe4 Nxe4 23. Qe3 Nc4 24. Kc2 Qxb2+ 25. Kd3 Nxe3 26. Kxe3 d5
27. f3 Nxc3 28. Rd2 Qxb4 29. Rd4 Rc4 30. Nbxc3 Rxd4 31. Rb1 Qc4 32. Rc1 Qd3+
33. Kf2 Rb4 34. Rd1 Qc4 35. h3 Rb2 36. Kg3 Rxe2 0-1

[Event "Campeonato Provincial Individual PREFERE"]
[Site "Pabellon Deporte Miguel Buigue"]
[Date "2011.11.05"]
[Round "4"]
[White "Garcia Sacristan, Ramon"]
[Black "Arnot, Bob"]
[Result "0-1"]
[WhiteElo "1651"]
[BlackElo "1850"]
[PlyCount "59"]
[EventDate "2011.10.01"]
[EventRounds "7"]
[EventCountry "ESP"]

1. e4 d5 2. exd5 Nf6 3. c4 e6 4. dxe6 Bxe6 5. d4 Bb4+ 6. Nc3 Ne4 7. Qd3 Bf5 8.
Qe3 O-O 9. Nf3 Re8 10. Be2 Nxc3 11. a3 Nxe2+ 12. axb4 Nxc1 13. Rxc1 Rxe3+ 14.
fxe3 Qe7 15. O-O Nc6 16. Rfe1 Nxb4 17. Rc3 Re8 18. Rf1 Bd3 19. Re1 Be4 20. Nd2
Qg5 21. Re2 Bd3 22. Nf3 Qh6 23. Re1 Be4 24. Nd2 Qg6 25. Re2 Nd3 26. Nf1 h5 27.
h3 Bf3 28. Rd2 Nb4 29. Rf2 Be4 30. Rf4 0-1

[Event "Campeonato Provincial Individual PREFERE"]
[Site "Pabellon Deporte Miguel Buigue"]
[Date "2011.11.12"]
[Round "5"]
[White "Pont Font, Daniel"]
[Black "Vallalta Martinez, Luis"]
[Result "1-0"]
[WhiteElo "1903"]
[BlackElo "1999"]
[PlyCount "117"]
[EventDate "2011.10.01"]
[EventRounds "7"]
[EventCountry "ESP"]

1. d4 Nf6 2. Nf3 g6 3. c4 d6 4. Nc3 Bg7 5. e4 O-O 6. Be2 Na6 7. O-O e5 8. d5
Nc5 9. Qc2 a5 10. Bg5 h6 11. Be3 Nfd7 12. Nd2 f5 13. f3 f4 14. Bf2 g5 15. b3
Nf6 16. Rfc1 Rf7 17. a3 Ncd7 18. b4 axb4 19. axb4 Rxa1 20. Rxa1 Nf8 21. c5 Ng6
22. Ra8 Rf8 23. Nb5 Qe7 24. cxd6 Qd7 25. dxc7 Ne8 26. Bc5 Nxc7 27. Bxf8 Nxa8
28. Bxg7 Kxg7 29. Na7 Nb6 30. Qc5 Qd8 31. Nxc8 Nxc8 32. Nc4 h5 33. b5 g4 34. b6
gxf3 35. gxf3 Qg5+ 36. Kh1 Nce7 37. Nd6 Nh4 38. Qg1 Qxg1+ 39. Kxg1 Nhg6 40. Bb5
Nf8 41. Kg2 Kg8 42. Kh3 Kg7 43. Be8 Kf6 44. Bb5 Kg7 45. Kh4 Kg6 46. Be8+ Kf6
47. Kxh5 Nxd5 48. exd5 Ke7 49. Nc4 e4 50. fxe4 Kxe8 51. Kg4 Ng6 52. Kf5 Kf7 53.
e5 f3 54. e6+ Kg7 55. d6 f2 56. Ne3 Nh4+ 57. Kg4 Ng6 58. d7 Ne5+ 59. Kg3 1-0

[Event "Campeonato Provincial Individual PREFERE"]
[Site "Pabellon Deporte Miguel Buigue"]
[Date "2011.11.12"]
[Round "5"]
[White "Arnot, Bob"]
[Black "Torregrosa Llul, Fernando"]
[Result "1-0"]
[WhiteElo "1850"]
[BlackElo "1818"]
[PlyCount "71"]
[EventDate "2011.10.01"]
[EventRounds "7"]
[EventCountry "ESP"]

1. d4 d5 2. Bf4 e6 3. e3 Nf6 4. Nf3 Bd6 5. Ne5 c5 6. Bb5+ Ke7 7. c3 Qb6 8. Qe2
a6 9. Ba4 Qa5 10. Bd1 Bd7 11. Nxd7 Nbxd7 12. Bxd6+ Kxd6 13. Nd2 Qb5 14. O-O
Qxe2 15. Bxe2 cxd4 16. exd4 b5 17. a4 Kc6 18. Rfc1 Kb6 19. Ra3 Kc6 20. Rca1 Nb6
21. axb5+ axb5 22. b3 Rxa3 23. Rxa3 Ra8 24. Rxa8 Nxa8 25. Bd3 Nb6 26. Kf1 Kd6
27. Be2 Kc6 28. f4 Ne4 29. Nxe4 dxe4 30. c4 bxc4 31. bxc4 f5 32. Kf2 Na4 33.
Ke3 Nb6 34. g4 g6 35. g5 Kd6 36. c5+ 1-0

[Event "Campeonato Provincial Individual PREFERE"]
[Site "Pabellon Deporte Miguel Buigue"]
[Date "2011.11.12"]
[Round "5"]
[White "Aguado Crespo, Antonio"]
[Black "Cervera Tur, Enrique"]
[Result "1-0"]
[WhiteElo "1750"]
[BlackElo "1731"]
[PlyCount "49"]
[EventDate "2011.10.01"]
[EventRounds "7"]
[EventCountry "ESP"]

1. e4 c5 2. Bc4 d6 3. Nc3 Nc6 4. f4 Nf6 5. a4 Bg4 6. Nge2 Nd4 7. d3 e5 8. O-O
d5 9. exd5 Nxd5 10. Bxd5 Nxe2+ 11. Nxe2 Qxd5 12. h3 Bd7 13. Nc3 Qd4+ 14. Kh1
Bd6 15. fxe5 Bxe5 16. Qf3 O-O-O 17. Nb5 Qh4 18. Nxa7+ Kb8 19. Nb5 g5 20. Qf2
Bg3 21. Qxc5 Bc6 22. Kg1 g4 23. Bg5 Bf2+ 24. Rxf2 Qg3 25. Bf4+ 1-0

[Event "Campeonato Provincial Individual PREFERE"]
[Site "Pabellon Deporte Miguel Buigue"]
[Date "2011.11.19"]
[Round "6"]
[White "Pont Font, Daniel"]
[Black "Arnot, Bob"]
[Result "1/2-1/2"]
[WhiteElo "1903"]
[BlackElo "1850"]
[PlyCount "81"]
[EventDate "2011.10.01"]
[EventRounds "7"]
[EventCountry "ESP"]

1. d4 Nf6 2. Nf3 g6 3. c4 Bg7 4. Nc3 d6 5. e4 O-O 6. Be2 e5 7. O-O Nc6 8. d5
Ne7 9. Ne1 Nd7 10. Be3 f5 11. f3 f4 12. Bf2 g5 13. Nd3 Ng6 14. c5 Nf6 15. Rc1
Rf7 16. cxd6 cxd6 17. Qc2 Ne8 18. Nb5 a6 19. Nc3 h5 20. Na4 g4 21. Qb3 g3 22.
hxg3 fxg3 23. Bxg3 h4 24. Bf2 Bh6 25. Rc2 Nf4 26. Nxf4 Bxf4 27. Nb6 h3 28. g4
Rb8 29. Nxc8 Rxc8 30. Rxc8 Qxc8 31. Be3 b5 32. Rc1 Qd8 33. Kh1 Qh4 34. Rg1 h2
35. Rc1 Rc7 36. Rd1 Qg3 37. Rf1 Nf6 38. Bf2 Qh3 39. Be3 Qg3 40. Bf2 Qh3 41. Be3
1/2-1/2